Már dolgoznak az új gépek [képes riport] /
Elmentve itt :
| Szerző: | |
|---|---|
| Dokumentumtípus: | Cikk |
| Megjelent: |
1963-03-31
|
| Sorozat: | Délmagyarország
53 No. 76 |
| Kulcsszavak: | Kábelgyár, Fémipar Szeged 1963 |
| Online Access: | http://dmarchiv.bibl.u-szeged.hu/67451 |
| LEADER | 00528nab a2200157 i 4500 | ||
|---|---|---|---|
| 001 | delm67451 | ||
| 005 | 20180927153759.0 | ||
| 008 | 180927s1963 hu o 0|| hun d | ||
| 040 | |a SZTE Délmagyarország Archívum |b hun | ||
| 041 | |a hun | ||
| 100 | 2 | |a Somogyi Károlyné Neurohr Magdolna | |
| 245 | 1 | 0 | |a Már dolgoznak az új gépek |h [elektronikus dokumentum] : |b [képes riport] / |c Somogyi Károlyné Neurohr Magdolna |
| 260 | |c 1963-03-31 | ||
| 300 | |a 3 | ||
| 490 | 0 | |a Délmagyarország |v 53 No. 76 | |
| 695 | |a Kábelgyár, Fémipar Szeged 1963 | ||